书目信息 |
| 题名: |
怀仁集王羲之书圣教序
|
|
| 作者: | 王正良 编著 | |
| 分册: | ||
| 出版信息: | 西安 陕西人民美术出版社 2012.03 |
|
| 页数: | 67页 | |
| 开本: | 30cm | |
| 丛书名: | 西安碑林名碑精选 | |
| 单 册: | ||
| 中图分类: | J292.23 | |
| 科图分类: | ||
| 主题词: | 行书--碑帖--中国--东晋时代 , 行书 , 碑帖 | |
| 电子资源: | ||
| ISBN: | 978-7-5368-2760-8 | |
| 000 | 00921oam2 2200301 450 | |
| 001 | 012013049435 | |
| 005 | 20140610163358.39 | |
| 010 | @a978-7-5368-2760-8@dCNY19.00 | |
| 100 | @a20130506d2012 em y0chiy50 ea | |
| 101 | 0 | @achi |
| 102 | @aCN@b610000 | |
| 105 | @ay z 000yy | |
| 106 | @ar | |
| 200 | 1 | @a怀仁集王羲之书圣教序@9huai ren ji wang xi zhi shu sheng jiao xu@f王正良编著 |
| 210 | @a西安@c陕西人民美术出版社@d2012.03 | |
| 215 | @a67页@d30cm | |
| 225 | 2 | @a西安碑林名碑精选 |
| 300 | @a名师课堂 | |
| 330 | @a本书主要内容包括:书法概说;用具及其选择;怀仁集王羲之书圣教序;执笔与用笔;点画分析及线条美等。 | |
| 333 | @a书法爱好者 | |
| 461 | 0 | @12001 @a西安碑林名碑精选 |
| 606 | 0 | @a行书@x碑帖@y中国@z东晋时代 |
| 606 | 0 | @a行书 |
| 606 | 0 | @a碑帖 |
| 690 | @aJ292.23@v5 | |
| 701 | 0 | @a王正良@9wang zheng liang@4编著 |
| 801 | 0 | @aCN@b人天书店@c20130506 |
| 905 | @b845412-14@dJ292.23@e537@f3 | |
| 怀仁集王羲之书圣教序/王正良编著.-西安:陕西人民美术出版社,2012.03 |
| 67页;30cm.-(西安碑林名碑精选) |
| 名师课堂.-使用对象:书法爱好者 |
| ISBN 978-7-5368-2760-8:CNY19.00 |
| 本书主要内容包括:书法概说;用具及其选择;怀仁集王羲之书圣教序;执笔与用笔;点画分析及线条美等。 |
| ● |
| 相关链接 |
|
|
|
|
正题名:怀仁集王羲之书圣教序
索取号:J292.23/537
 
预约/预借
| 序号 | 登录号 | 条形码 | 馆藏地/架位号 | 状态 | 备注 |
| 1 | 845412 | 208454126 | 第一样本阅览室/ [索取号:J292.23/537] | 在馆 | |
| 2 | 845413 | 208454135 | 第一借阅区/ [索取号:J292.23/537] | 在馆 | |
| 3 | 845414 | 208454144 | 第一借阅区/ [索取号:J292.23/537] | 在馆 |